000 00243nam a2200097Ia 4500
008 240625s9999 xx 000 0 und d
041 _aeng
082 _a808.20 GHO
100 _aGHOSH ABHISHEK
245 _aVALUATION OF SHARES BASED ON DIVIDEND DI
999 _c38009
_d38009